000
00267nam a2200109Ia 4500
008
190906s9999||||xx |||||||||||||| ||und||
100
_a
Neil Snortland
245
0
_a
Managing Government Organizations
260
_a
USA
_b
McGraw-Hill
_c
1980
300
_a
623
942
_c
BK
999
_c
6088
_d
6088